| 000 | 00909cam a2200301 a 4500 | ||
|---|---|---|---|
| 999 |
_c9375 _d9375 |
||
| 001 | 2324116 | ||
| 003 | OSt | ||
| 005 | 20210112173849.0 | ||
| 008 | 811216s1981 nyu 000 0 eng | ||
| 010 | _a 81185531 | ||
| 020 |
_a0394747240 (pbk.) : _c$4.95 |
||
| 040 |
_aDLC _cDLC _dDLC |
||
| 041 | 1 | _aengpol | |
| 043 | _ae-pl--- | ||
| 050 | 0 | 0 |
_aDK4437 _b.M5413 1981b |
| 082 | 0 | 0 |
_a943.8/05 _219 |
| 100 | 1 | _aMiłosz, Czesław. | |
| 240 | 1 | 0 |
_aZniewolony umysł. _lEnglish |
| 245 | 1 | 4 |
_aThe captive mind / _cby Czeslaw Milosz ; translated from the Polish by Jane Zielonko. |
| 250 | _aVintage Books ed. | ||
| 260 |
_aNew York : _bVintage Books, _c1981. |
||
| 300 |
_axiv, 251 p. ; _c19 cm. |
||
| 500 | _aTranslation of: Zniewolony umysł. | ||
| 650 | 0 |
_aCommunism _zPoland. |
|
| 651 | 0 |
_aPoland _xIntellectual life _y1945-1989. |
|
| 906 |
_a7 _bcbc _corignew _d2 _encip _f19 _gy-gencatlg |
||
| 942 |
_2ddc _cBK |
||